000 00879nam a2200241Ia 4500
005 20250108124846.0
008 008 250107s9999 xx 000 0 hin d
020 _a978-81-7436-417-3
037 _aTB
040 _aCRL
_bhin
_cCRL
041 _ahin
_2hin
084 _aO35,1I12:g R1
084 _qCRL
100 _aश्रोत्रिय, प्रभाकर, ले.
245 0 _aशमशेर बहादुर सिंह
_cश्रोत्रिय, प्रभाकर, ले.
260 _aनई दिल्ली, भारत
_bसाहित्य अकादमी
_c2462
300 _a116पृ0
365 _aINR
_b200
490 _aHkkjrh; lkfgR; ds fuekZrk
650 _aहिन्दी निबंधहिन्दी व्याकरण
_9729733
942 _cTB
_hO35,1I12:g R1
999 _c1234850
_d1234850